<?xml version="1.0" encoding="UTF-8"?>
<record
    xmlns:xsi="http://www.w3.org/2001/XMLSchema-instance"
    xsi:schemaLocation="http://www.loc.gov/MARC21/slim http://www.loc.gov/standards/marcxml/schema/MARC21slim.xsd"
    xmlns="http://www.loc.gov/MARC21/slim">

  <leader>00450nam a2200181   4500</leader>
  <controlfield tag="003">SEACOMEC</controlfield>
  <controlfield tag="005">20231017064925.0</controlfield>
  <controlfield tag="008">231017b        |||||||| |||| 00| 0 eng d</controlfield>
  <datafield tag="020" ind1=" " ind2=" ">
    <subfield code="c">Rs.750.00</subfield>
  </datafield>
  <datafield tag="040" ind1=" " ind2=" ">
    <subfield code="a">SEACOMEC</subfield>
  </datafield>
  <datafield tag="082" ind1="1" ind2=" ">
    <subfield code="a">005.13</subfield>
    <subfield code="b">D815</subfield>
  </datafield>
  <datafield tag="100" ind1=" " ind2=" ">
    <subfield code="a">Dubois, Paul</subfield>
  </datafield>
  <datafield tag="245" ind1="1" ind2=" ">
    <subfield code="a">My SQL cookbook</subfield>
    <subfield code="c">Dubois Paul</subfield>
  </datafield>
  <datafield tag="260" ind1="1" ind2=" ">
    <subfield code="a">Mumbai</subfield>
    <subfield code="b">Shroff</subfield>
    <subfield code="c">2003</subfield>
  </datafield>
  <datafield tag="650" ind1=" " ind2=" ">
    <subfield code="a">Computer science, Programming languages</subfield>
  </datafield>
  <datafield tag="700" ind1=" " ind2=" ">
    <subfield code="a">Paul Dubois</subfield>
  </datafield>
  <datafield tag="942" ind1=" " ind2=" ">
    <subfield code="c">BOOK</subfield>
  </datafield>
  <datafield tag="952" ind1=" " ind2=" ">
    <subfield code="0">0</subfield>
    <subfield code="1">0</subfield>
    <subfield code="2">ddc</subfield>
    <subfield code="4">0</subfield>
    <subfield code="7">0</subfield>
    <subfield code="a">SEACOMEC</subfield>
    <subfield code="b">SEACOMEC</subfield>
    <subfield code="d">2006-06-01</subfield>
    <subfield code="l">0</subfield>
    <subfield code="o">005.13 D815</subfield>
    <subfield code="p">00123</subfield>
    <subfield code="r">2023-10-17 06:49:59</subfield>
    <subfield code="w">2023-10-17</subfield>
    <subfield code="y">BOOK</subfield>
  </datafield>
  <datafield tag="952" ind1=" " ind2=" ">
    <subfield code="0">0</subfield>
    <subfield code="1">0</subfield>
    <subfield code="2">ddc</subfield>
    <subfield code="4">0</subfield>
    <subfield code="7">0</subfield>
    <subfield code="a">SEACOMEC</subfield>
    <subfield code="b">SEACOMEC</subfield>
    <subfield code="d">2006-06-01</subfield>
    <subfield code="l">0</subfield>
    <subfield code="o">005.13 D815</subfield>
    <subfield code="p">00124</subfield>
    <subfield code="r">2023-10-17 06:49:59</subfield>
    <subfield code="t">1</subfield>
    <subfield code="w">2023-10-17</subfield>
    <subfield code="y">BOOK</subfield>
  </datafield>
  <datafield tag="952" ind1=" " ind2=" ">
    <subfield code="0">0</subfield>
    <subfield code="1">0</subfield>
    <subfield code="2">ddc</subfield>
    <subfield code="4">0</subfield>
    <subfield code="7">0</subfield>
    <subfield code="a">SEACOMEC</subfield>
    <subfield code="b">SEACOMEC</subfield>
    <subfield code="d">2006-06-01</subfield>
    <subfield code="l">0</subfield>
    <subfield code="o">005.13 D815</subfield>
    <subfield code="p">00125</subfield>
    <subfield code="r">2023-10-17 06:49:59</subfield>
    <subfield code="t">2</subfield>
    <subfield code="w">2023-10-17</subfield>
    <subfield code="y">BOOK</subfield>
  </datafield>
  <datafield tag="952" ind1=" " ind2=" ">
    <subfield code="0">0</subfield>
    <subfield code="1">0</subfield>
    <subfield code="2">ddc</subfield>
    <subfield code="4">0</subfield>
    <subfield code="7">0</subfield>
    <subfield code="a">SEACOMEC</subfield>
    <subfield code="b">SEACOMEC</subfield>
    <subfield code="d">2006-06-01</subfield>
    <subfield code="l">0</subfield>
    <subfield code="o">005.13 D815</subfield>
    <subfield code="p">00126</subfield>
    <subfield code="r">2023-10-17 06:49:59</subfield>
    <subfield code="t">3</subfield>
    <subfield code="w">2023-10-17</subfield>
    <subfield code="y">BOOK</subfield>
  </datafield>
  <datafield tag="952" ind1=" " ind2=" ">
    <subfield code="0">0</subfield>
    <subfield code="1">0</subfield>
    <subfield code="2">ddc</subfield>
    <subfield code="4">0</subfield>
    <subfield code="7">0</subfield>
    <subfield code="a">SEACOMEC</subfield>
    <subfield code="b">SEACOMEC</subfield>
    <subfield code="d">2006-06-01</subfield>
    <subfield code="l">0</subfield>
    <subfield code="o">005.13 D815</subfield>
    <subfield code="p">00127</subfield>
    <subfield code="r">2023-10-17 06:49:59</subfield>
    <subfield code="t">4</subfield>
    <subfield code="w">2023-10-17</subfield>
    <subfield code="y">BOOK</subfield>
  </datafield>
  <datafield tag="999" ind1=" " ind2=" ">
    <subfield code="c">237</subfield>
    <subfield code="d">237</subfield>
  </datafield>
</record>
